000 00286nam a22001337a 4500
008 171227b xxu||||| |||| 00| 0 eng d
020 _a9780536522863
041 _aeng
080 _a343.9
100 _a14
101 _aJUR
245 _aLAB MANUAL
_cSAFERSTEIN,R
942 _2udc
_cBK
999 _c39447
_d39447